00549nam a2200205 a 4500001001300000003000900013005001700022008004100039020001000080082001600090100002600106245004700132260003700179300000900216500003500225505001300260650002300273650002100296700002600317nice12345678IN_TiNIC20260116013801.0050524s1998 chea grp 000 0 eng  ac11000a954.84bVAN aVanama, Prabhu Kumari aQutubshahis` Golcondab Cradle of Cultures aChennaibPrabhu Publishersc1998 a142p aincludes index and biblioraphy2 aAppendix aQutb Shahi Dynasty aGolconda-Culture1 aVanama, Prabhu Kumari